|
|
|
|
| LEADER |
00000nab a2200000uu 4500 |
| 001 |
vtls011521129 |
| 003 |
SK-MaSNL |
| 005 |
20260303221318.0 |
| 008 |
230704|1941 xo |||||||||||||||||slo| |
| 015 |
|
|
|a SNBRB
|
| 035 |
|
|
|a (urnnbn)urn:nbn:sk:snk:ar-0022bx
|
| 035 |
|
|
|a (uuid)61d34f02-e568-49eb-8888-04cb191e7a42
|
| 035 |
|
|
|a urn:nbn:sk:snk-abe9fu
|
| 040 |
|
|
|a SNKBUCL
|b slo
|c SNKBUCL
|e AACR2
|
| 041 |
0 |
|
|a slo
|
| 044 |
|
|
|a xo
|c SK
|
| 100 |
1 |
|
|a Šprinc, Mikuláš,
|d 1914-1986
|4 aut
|9 14890
|
| 245 |
1 |
0 |
|a Letné večery
|c Mikuláš Šprinc
|
| 655 |
|
7 |
|a slovenská poézia
|2 SNKPH
|9 70444
|
| 773 |
0 |
|
|t Slovenské pohľady
|g Roč. 57, č. 7 - 8 (1941), s. 497-498
|
| 850 |
|
|
|a Slovenská národná knižnica
|
| 852 |
|
|
|a Slovenská národná knižnica
|
| 954 |
|
|
|a beletria pôvodná (slovenská)
|2 lita
|
| 958 |
|
|
|a OND
|
| 958 |
|
|
|a EUIPO
|
| 958 |
|
|
|a article21
|
| 999 |
|
|
|c 2232821
|d 2234751
|